000 01250nam a22003618i 4500
001 020195301
003 EG-ScBUE
005 20260210095445.0
008 210511s2022 paua f b 001 0 eng d
020 _a9781975161378
020 _a1975161378
040 _aStDuBDS
_beng
_erda
_cStDuBDS
_dEG-ScBUE
082 0 4 _a617.1027
_222
_bAND
100 1 _aAnderson, Marcia K.,
_eauthor.
245 1 0 _aFoundations of athletic training :
_bprevention, assessment, and management /
_cMarcia K. Anderson, PhD, LATC, Mary Barnum, EdD, ATC, LAT.
250 _aSeventh edition
264 1 _aPhiladelphia :
_bLippincott Williams & Wilkins,
_c2022.
300 _axl, 1048 pages :
_billustrations ;
_c28 cm
336 _atext
_2rdacontent
_btxt
336 _astill image
_2rdacontent
_btxt
337 _aunmediated
_2rdamedia
_bn
338 _avolume
_2rdacarrier
_bnc
500 _aPrevious edition: 2017.
504 _aIncludes bibliographical references and index.
650 7 _aSports injuries.
_2BUEsh
650 7 _aSports injuries
_xTreatment.
_2BUEsh
650 7 _aAthletes
_xHealth and hygiene.
_2BUEsh
653 _cFebruary2026
_bPT
655 _vReading book
700 1 _aBarnum, Mary,
_eauthor.
942 _2ddc
_cBB
999 _c31103
_d31074